<?xml version="1.0" encoding="UTF-8"?>
<record
    xmlns:xsi="http://www.w3.org/2001/XMLSchema-instance"
    xsi:schemaLocation="http://www.loc.gov/MARC21/slim http://www.loc.gov/standards/marcxml/schema/MARC21slim.xsd"
    xmlns="http://www.loc.gov/MARC21/slim">

  <leader>00854nam a22002537a 4500</leader>
  <controlfield tag="005">20170123162300.0</controlfield>
  <datafield tag="010" ind1=" " ind2=" ">
    <subfield code="a">A-122750</subfield>
  </datafield>
  <datafield tag="020" ind1=" " ind2=" ">
    <subfield code="c">500.00</subfield>
  </datafield>
  <datafield tag="035" ind1=" " ind2=" ">
    <subfield code="a">A-122750</subfield>
  </datafield>
  <datafield tag="037" ind1=" " ind2=" ">
    <subfield code="b">Cen Lib/Ret</subfield>
  </datafield>
  <datafield tag="040" ind1=" " ind2=" ">
    <subfield code="a">dpl</subfield>
    <subfield code="b">UR</subfield>
  </datafield>
  <datafield tag="082" ind1=" " ind2=" ">
    <subfield code="a">615.54</subfield>
  </datafield>
  <datafield tag="100" ind1=" " ind2=" ">
    <subfield code="a">&#x622;&#x641;&#x627;&#x62A; ,&#x635;&#x62F;&#x6CC;&#x642;</subfield>
    <subfield code="9">138918</subfield>
  </datafield>
  <datafield tag="245" ind1=" " ind2=" ">
    <subfield code="a">/ &#x627;&#x641;&#x627;&#x62F;&#x627;&#x62A; &#x6C1;&#x648;&#x645;&#x6CC;&#x648;&#x67E;&#x6CC;&#x62A;&#x6BE;&#x6CC;</subfield>
    <subfield code="c">&#x622;&#x641;&#x627;&#x62A; &#x635;&#x62F;&#x6CC;&#x642;</subfield>
  </datafield>
  <datafield tag="246" ind1=" " ind2=" ">
    <subfield code="a">Iffadate homeopathy /</subfield>
    <subfield code="b">Aafaque Siddiue</subfield>
  </datafield>
  <datafield tag="260" ind1=" " ind2=" ">
    <subfield code="a">&#x646;&#x626;&#x6CC; &#x62F;&#x6C1;&#x644;&#x6CC;</subfield>
    <subfield code="b">&#x645;&#x6A9;&#x62A;&#x628;&#x6C1; &#x627;&#x644;&#x62D;&#x633;&#x62A;&#x627;&#x62A;</subfield>
    <subfield code="c">1980</subfield>
  </datafield>
  <datafield tag="270" ind1=" " ind2=" ">
    <subfield code="a">2241-&#x6A9;&#x648;&#x686;&#x6C1; &#x686;&#x64A;&#x644;&#x627;&#x6BA; &#x62F;&#x631;&#x6CC;&#x627;  &#x6AF;&#x6CC;&#x62C;        </subfield>
    <subfield code="b">&#x646;&#x626;&#x6CC; &#x62F;&#x6C1;&#x644;&#x6CC;</subfield>
    <subfield code="e">110002</subfield>
  </datafield>
  <datafield tag="300" ind1=" " ind2=" ">
    <subfield code="a">481p. </subfield>
    <subfield code="c">20cm(Hb)</subfield>
  </datafield>
  <datafield tag="650" ind1=" " ind2=" ">
    <subfield code="a">&#x645;&#x6CC;&#x688;&#x6CC;&#x6A9;&#x644; &#x633;&#x627;&#x626;&#x646;&#x633;</subfield>
    <subfield code="9">646</subfield>
  </datafield>
  <datafield tag="650" ind1=" " ind2=" ">
    <subfield code="a">&#x645;&#x6CC;&#x688;&#x6CC;&#x6A9;&#x644; &#x633;&#x627;&#x626;&#x646;&#x633;-&#x6C1;&#x648;&#x645;&#x6CC;&#x648;&#x67E;&#x6CC;&#x62A;&#x6BE;&#x6CC;</subfield>
    <subfield code="9">647</subfield>
  </datafield>
  <datafield tag="650" ind1=" " ind2=" ">
    <subfield code="a">Medical Science</subfield>
    <subfield code="9">138919</subfield>
  </datafield>
  <datafield tag="650" ind1=" " ind2=" ">
    <subfield code="a">Medical Science-Homeopathy</subfield>
    <subfield code="9">649</subfield>
  </datafield>
  <datafield tag="942" ind1=" " ind2=" ">
    <subfield code="2">ddc</subfield>
    <subfield code="c">UR</subfield>
    <subfield code="h">615.54</subfield>
    <subfield code="m">&#x635; &#x62F; &#x6CC;</subfield>
  </datafield>
  <datafield tag="999" ind1=" " ind2=" ">
    <subfield code="c">105968</subfield>
    <subfield code="d">105968</subfield>
  </datafield>
  <datafield tag="952" ind1=" " ind2=" ">
    <subfield code="0">0</subfield>
    <subfield code="1">0</subfield>
    <subfield code="4">0</subfield>
    <subfield code="7">1</subfield>
    <subfield code="8">REF</subfield>
    <subfield code="a">L</subfield>
    <subfield code="b">L</subfield>
    <subfield code="d">2015-05-25</subfield>
    <subfield code="e">Cen Lib/Ret</subfield>
    <subfield code="g">500.00</subfield>
    <subfield code="l">0</subfield>
    <subfield code="o">6150.54 &#x635; &#x62F; &#x6CC;</subfield>
    <subfield code="p">A-122750</subfield>
    <subfield code="r">2015-05-25 00:00:00</subfield>
    <subfield code="t">1</subfield>
    <subfield code="v">500.00</subfield>
    <subfield code="w">2015-05-25</subfield>
    <subfield code="y">UR</subfield>
  </datafield>
</record>
